000 00366nam a2200145Ia 4500
005 20251222153619.0
008 251222s9999||||xx |||||||||||||| ||spa||
020 _a848130333
082 _a400/G24
100 _a GarcĂ­a Serrano, Rafael
245 0 _aLas mejores novelas en castellano del siglo XX
250 _a1ra .ed
264 _bBibliotex,S.L
942 _cLIB
999 _c31912
_d31912